Datum a čas kvízu

28 Celkem bodů Celkový počet nahraných bodů na tomto kvízu bez doplňovacích otázek.
9. Pořadí na kvízu Konečné umístění týmu na tomto kvízu.

Zaznamenané odpovědi

# Otázka Odpověď Body Výsledky
1. Začneme, kde jinde, než v budo... od sezóny 1996/1997 1
2. Herci Divadla Járy Cimrmana js... Jaroslav Weigel 0
3. Na které webové adrese vlastně... 270 Kč 0
4. Divadlo jde s dobou, a tak na... Podle Annemary Tilbachové 1
5. Věkový průměr herců Divadla Já... C 0
6. Jára Cimrman je neodmyslitelně... modrá, č. p. 12 0
7. Jak se jmenovali Cimrmanovi ro... Leopold Cimrman, Marlen Jelínková 1
8. Jak se jmenovala Cimrmanova ko... Lipany 0
9. O Cimrmanovi je známo, že byl... potkana 0
10. Můžeme se radovat, že dílo naš... 1D 2B 3A 4C 1